Logo BPK

Bibliografia Prac Pracowników

Politechniki Koszalińskiej

Application of evolutionary algorithm for floorplanning of integrated electronic circuits / (Rekord nr 8365)

Szczegóły MARC
000 -ETYKIETA REKORDU
podpole kontrolne o stałej długości 00826naa a22001691i 4500
003 - IDENTYFIKATOR NUMERU KONTROLNEGO REKORDU
podpole kontrolne KOSZ 005
005 - DATA OSTATNIEJ MODYFIKACJI REKORDU
podpole kontrolne 20180427100643.0
008 - POLE O STAŁEJ DŁUGOŚCI - DANE KONTROLNE
podpole kontrolne o stałej długości 160308s2006 pl |||f| ||||0|| 0 eng d
035 ## - NUMER SYSTEMOWY
Numer systemowy przejętego rekordu PBN-R:247983
040 ## - ŹRÓDŁO KATALOGOWANIA
Instytucja, która utworzyła rekord KOSZ 005/md
Instytucja, która sporządziła opis PBN-ID
Instytucja, która dokonała modyfikacji KOSZ 005/ac
041 0# - KOD JĘZYKA
Kod języka tekstu eng
100 1# - NAZWA OSOBOWA
Nazwa osobowa BIAŁKO, Michał.
Lata pracy 1996 - .
Instytucja Politechnika Koszalińska - Wydział Elektroniki i Informatyki,
Wydział Katedra Inżynierii Komputerowej
245 10 - TYTUŁ/ODPOWIEDZIALNOŚĆ
Tytuł Application of evolutionary algorithm for floorplanning of integrated electronic circuits /
Pozostałe elementy strefy tytułu i oznaczenia odpowiedzialności Michał Białko, Adam Słowik.
700 1# - HASŁO DODATKOWE - NAZWA OSOBOWA
Nazwa osobowa SŁOWIK, Adam.
Lata pracy 2005 - .
Instytucja Politechnika Koszalińska - Wydział Elektroniki i Informatyki,
Wydział Katedra Inżynierii Komputerowej
773 0# - TYTUŁ DOKUMENTU MACIERZYSTEGO
Wyrażenie wprowadzające W :
Tytuł Artificial Intelligence and Soft Computing. -
Adres wydawniczy Warszawa : Wydaw. EXIT, 2006. -
Informacje dotyczące relacji s. 224-229
942 ## - HASŁO DODATKOWE - ELEMENTY(KOHA)
Typ dokumentu Rozdział
Schemat klasyfikacji Uniwersalna klasyfikacja dziesiętna

Brak dostępnych egzemplarzy.

© 2014 Biblioteka Politechniki Koszalińskiej :: BIBLIOGRAFIA PRAC PRACOWNIKÓW